1852 1383 1336 1453 1278 1972 1782 1562 1942 1106 1866 1527 1137 1249 1057 1656 1683 1033 1732 1806 1546 1302 1204 1818 1707 1543 1928 1680 1710 1929 1052 1676 1624 1755 1195 1365 1337 1068 1531 1688 1811 1812 1299 1804 1419 1776 1317 1206 1160 1297 1521 1097 1330 1400 1052 1099 1318 1602 1401 1626 1137 1291 1854 1395 1459 1370 1355 1838 1634 1547 1325 1550 1556 1259 1557 1778 1287 1148 1568 1154 1237 1006 1993 1278 1080 1312 1471 1047 1013 1985 1193 1265 1833 1622 1959 1428 1301 1788 1277 BCNSPRNW ULIB Ver.6.0+V

เปลี่ยนเป็นภาษาไทย

Change to English
 แสดงรายละเอียดบรรณานุกรม
  กลับหน้าหลัก

Brief Record : Get Marc (ISO 2709) : E-mail record : QR code < ปิดหน้าต่าง
LEADER : 00000nam 2200000uu 4500
001    13399109767
003     ULIB
008    110404s2543||||th 000 0 tha d
060 04 WC140^bป352ค 2543
100 0  ประพิมพ์ พุทธิรักษ์กุล
245    คู่มือการฝึกปฏิบัติงานการป้องกันและควบคุมโรคติดต่อทางเพศสัมพันธ์สำหรับนักศึกษาพยาบาล /^cประพิมพ์ พุทธิรักษ์กุล
260    เชียงใหม่ :^bคณะพยาบาลศาสตร์ มหาวิทยาลัยเชียงใหม่,^c2543
300    89 หน้า
650  7 โรคติดต่อทางเพศ
650  7 คู่มือสำหรับพยาบาล
710  2 มหาวิทยาลัยเชียงใหม่. ^bคณะพยาบาลศาสตร์
945    ^p0^l0^i013639
995    ทศพร
999 ^a ใช้งานได้ทุกระบบ
รายการนี้ยังไม่มีแท็ก
คุณยังไม่ได้ล็อกอิน คุณสามารถมีกิจกรรมร่วมกับเว็บไซต์ได้ แต่ต้องล็อกอินก่อน ::
  ล็อกอิน

รายการสื่อสารสนเทศ

ลำดับที่ ประเภท เลขเรียก/บาร์โค้ด สถานที่ สถานะ
- ไม่พบข้อมูล -

รายการใกล้เคียง
    หัวเรื่อง [โรคติดต่อทางเพศ]

BibComment


ยังไม่เคยถูกคอมเมนท์

คอมเมนท์ทรัพยากรรายการนี้
  คอมเมนท์: คู่มือการฝึกปฏิบั..


 Copyright 2026. Bcnsprnw @Library